Normal view
MARC view
- هندسة الطرق تكنولوجيا
Entry Topical Term
001 - CONTROL NUMBER
- control field: 51290
003 - CONTROL NUMBER IDENTIFIER
- control field: JO-AjAnu
005 - DATE AND TIME OF LATEST TRANSACTION
- control field: 20230606082434.0
008 - FIXED-LENGTH DATA ELEMENTS
- fixed length control field: 230606|| aca||aabn | a|a d
040 ## - CATALOGING SOURCE
- Original cataloging agency: JO-AjAnu
- Transcribing agency: JO-AjAnu
150 ## - HEADING--TOPICAL TERM
- Topical term or geographic name entry element: هندسة الطرق تكنولوجيا
670 ## - SOURCE DATA FOUND
- Source citation: Work cat.: (JO-AjAnu)26213: درويش، عماد, author 51289, تكنولوجيا البيتون والتسليح وطرق تصميم الخلطات البيتونية